00197 a2200085 4500000002500000100003000025245003200055942000700087999001700094 nam a22 7a 4500 aArothr A MacDonald925804 aSanskrit Vyakaran Parvesika cAI c59841d59841